Statistics for Moravská města nad 20 000

Click here to take the quiz!

General Stats

  • This quiz has been taken 352 times
  • The average score is 11 of 21

Answer Stats

Počet obyvatelMěsto% Correct
380 681Brno
99%
177 506
(moravská část)
Ostrava
93%
100 523Olomouc
92%
74 997Zlín
86%
33 780Znojmo
64%
≈49 000
(moravská část)
Jihlava
63%
43 186Přerov
58%
43 680Prostějov
57%
23 828Hodonín
52%
23 943Břeclav
51%
≈23 000
(moravská část)
Frýdek-Místek
49%
25 226Vsetín
48%
24 430Uherské Hradiště
47%
24 910Šumperk
46%
20 187Vyškov
44%
28 360Kroměříž
43%
35 691Třebíč
34%
21 883Valašské Meziříčí
33%
22 813Nový Jičín
26%
20 338Žďár nad Sázavou
23%
21 395Kopřivnice
20%

Score Distribution

Percentile by Number Answered

Percent of People with Each Score

Your Score History

You have not taken this quiz